000 00523nam a2200157 i 4500
001 64090
003 ES-MaACL
005 20230906165034.0
007 t|
008 031219s1959 sp ||||1| eng d
100 1 _aFitzgibbon, John Paul.
_951074
245 1 0 _aGraded readers
_b: first series : stories specially written or adapted for students of english /
_cby J.P. Fitzgibbon.
260 _aMadrid :
_bAlhambra,
_c1959 (
_eAvila :
_fSenén Martín)
300 _a29 p. ;
_c17 cm.
852 _aES-MaACL
_j2004-F-9
_bR.45797
999 _c64090
_d64090